| 000 | 00476nam a2200181Ia 4500 | ||
|---|---|---|---|
| 003 | GCL | ||
| 008 | 140319s9999 xx 000 0 eng d | ||
| 040 |
_aGCL / _cGCL |
||
| 082 | 0 | 4 |
_a960.3 _bD M |
| 100 | 1 | _aDAVIDSON, BASIL | |
| 245 | 1 | 0 |
_aMODERN AFRICA A SOCIAL AND POLITICAL HISTORY / _cDAVIDSON, BASIL |
| 260 |
_a[S.N] : _bLONGMAN ، _c1994 |
||
| 300 | _a300 P | ||
| 650 | 0 | 4 | _aHISTORY |
| 650 | 0 | 4 | _aAFRICA |
| 650 | 0 | 4 | _aAFRICA - HISTORY, 1884 - 1985 |
| 942 |
_2ddc _cBK |
||
| 999 |
_c25026 _d25026 |
||